Технология, организация труда, производства и управления. 1985, Вып.2: Совершенствование управления материально-техническим снабжением предприятий и объединений металлургического машиностроения на основе хозрасчета (Запись № 4607144)
[ простой вид ]
| 000 -МАРКЕР | |
|---|---|
| контрольное поле | 01808nam2a22002651 4500 |
| 001 - ИДЕНТИФИКАТОР ЗАПИСИ | |
| контрольное поле | RU\NLR\INFOCOMM31\5000076868 |
| 005 - ИДЕНТИФИКАТОР ВЕРСИИ | |
| контрольное поле | 20250617023452.0 |
| 035 ## - ДРУГИЕ СИСТЕМНЫЕ НОМЕРА | |
| Идентификатор записи | (NLR Aleph) 002383015 |
| 100 ## - ДАННЫЕ ОБЩЕЙ ОБРАБОТКИ | |
| Данные общей обработки | 20041227d1985 |||y0rusy50 ca |
| 101 0# - ЯЗЫК РЕСУРСА | |
| Язык текста, звукозаписи и т.д. | русский |
| 102 ## - СТРАНА ПУБЛИКАЦИИ ИЛИ ПРОИЗВОДСТВА | |
| Страна публикации | российская федерация |
| 105 ## - ПОЛЕ КОДИРОВАННЫХ ДАННЫХ: ТЕКСТОВЫЕ МАТЕРИАЛЫ, МОНОГРАФИЧЕСКИЕ | |
| Кодированные данные о монографическом текстовом документе | y ||||000|y |
| 200 1# - ЗАГЛАВИЕ И СВЕДЕНИЯ ОБ ОТВЕТСТВЕННОСТИ | |
| Основное заглавие | Совершенствование управления материально-техническим снабжением предприятий и объединений металлургического машиностроения на основе хозрасчета |
| Первые сведения об ответственности | Г.Д. Бруславцев, Р.П. Кайдан |
| 210 ## - ПУБЛИКАЦИЯ, РАСПРОСТРАНЕНИЕ И ДР. | |
| Дата издания, распространения и т.д. | 1985 |
| Место издания, распространения и т.д. | Б. м. |
| 461 #0 - УРОВЕНЬ НАБОРА | |
| Встроенное поле | 001RU\NLR\INFOCOMM31\5000076833 |
| -- | 2001#$aТехнология, организация труда, производства и управления$eОбзор. информ.$hСерия 7$iНаучная организация труда, производства и управления$fЦНИИ информ. и техн.-экон. исслед. по тяжелому и трансп. машиностроению$v1985, Вып.2 |
| Системный номер (АБИС) связанной записи | 4607130 |
| Место публикации | М. |
| Дата публикации | 1984-1988 |
| Первые сведения об ответственности | ЦНИИ информ. и техн.-экон. исслед. по тяжелому и трансп. машиностроению |
| Номер части | Серия 7 |
| Заглавие части | Научная организация труда, производства и управления |
| Сведения, относящиеся к заглавию | Обзор. информ. |
| Заглавие | Технология, организация труда, производства и управления |
| Номер тома | 1985, Вып.2 |
| 700 #1 - ИМЯ ЛИЦА - ПЕРВИЧНАЯ ОТВЕТСТВЕННОСТЬ | |
| Начальный элемент ввода | Бруславцев |
| Часть имени, кроме начального элемента ввода | Г.Д. |
| Код отношения | Автор |
| 701 #1 - ИМЯ ЛИЦА - АЛЬТЕРНАТИВНАЯ ОТВЕТСТВЕННОСТЬ | |
| Начальный элемент ввода | Кайдан |
| Часть имени, кроме начального элемента ввода | Р.П. |
| Код отношения | Автор |
| 801 #1 - ИСТОЧНИК ЗАПИСИ | |
| Страна | российская федерация |
| Организация | InfoComm |
| Дата составления | 20041227 |
| 801 #0 - ИСТОЧНИК ЗАПИСИ | |
| Страна | российская федерация |
| Организация | NLR |
| Правила каталогизации | PSBO |
| 852 ## - МЕСТОНАХОЖДЕНИЕ И ШИФР ХРАНЕНИЯ | |
| Идентификатор организации | NLR |
| Шифр хранения (Call Number) | П22/5081 |
| 942 ## - ДОПОЛНИТЕЛЬНЫЕ ЭЛЕМЕНТЫ ЗАПИСИ (АБИС) | |
| Тип экземпляра АБИС | Выпуск |
| 980 ## - КОЛЛЕКЦИЯ | |
| Название коллекции | Национальная библиография |
| 980 ## - КОЛЛЕКЦИЯ | |
| Название коллекции | Русская периодика |
Нет доступных экземпляров.